Teacher's manual, Building English skills /

Bibliographic Details
Main Author: Gibson, Janet M.
Corporate Author: Writing Improvement Project
Other Authors: Meyer, Patricia Hoepfner
Format: Book
Language:English
Published: Evanston, Ill. : McDougal, Littell, [1977-]
Subjects:

MARC

Tag First Indicator Second Indicator Subfields
LEADER 00000cam a2200000 i 4500
001 in00000042322
005 20151007072644.0
008 800606m19779999ilu 00010 eng d
020 |a 0883434601 (Level 9). 
020 |a 0883434652 (Level 10). 
020 |a 0883434695 (Level 11). 
020 |a 0883434733 (Level 12) 
035 |a (OCoLC)06395117 
035 |9 AAE8308AM 
040 |a TXA  |c TXA  |d UtOrBLW 
049 |a [Curr Col] TXAM  |d [  |v = Level]  |c 1  |v 9 [1632311]  |v 10 [1632313]  |v 11 [1632315  |v 12 [1632317]  |c 2  |v 9 [1632312]  |v 10 [1632314]  |v 11 [1632316]  |v 12 [1632318] 
090 |a PE1408  |b .W773 1977 Manual 
100 1 |a Gibson, Janet M. 
245 1 0 |a Teacher's manual, Building English skills /  |c prepared by Janet M. Gibson, Patricia Hoepfner Meyer. 
264 1 |a Evanston, Ill. :  |b McDougal, Littell,  |c [1977-] 
264 4 |c ©1977- 
300 |a  volumes ;  |c 21 cm. 
336 |a text  |b txt  |2 rdacontent 
337 |a unmediated  |b n  |2 rdamedia 
338 |a volume  |b nc  |2 rdacarrier 
500 |a To accompany Building English skills, by the staff of the Writing Improvement Project. 
500 |a Gr. 6-12. 
505 0 |a [Level 9] Orange level.--[Level 10] Blue level.--[Level 11] Yellow level.--[Level 12] Purple level. 
650 0 |a English language  |x Composition and exercises. 
650 0 |a English language  |x Grammar. 
700 1 |a Meyer, Patricia Hoepfner. 
710 2 |a Writing Improvement Project.  |t Building English skills. 
740 0 |a Building English skills : teacher's manual. 
999 |a MARS 
999 f f |s e5fdec3d-b174-3c85-be75-a3db5b36d838  |i 8bc3ff03-ac1b-32c0-b193-91e7b85af1a4  |t 0 
952 f f |a Texas A&M University  |b Rellis Campus  |c Joint Library Facility  |d Remote Storage  |e PE1408 .W773 1977  |h Library of Congress classification  |i unmediated -- volume  |k Level 9  |l Teachers Manual  |m A14825879374  |p ric  |s JLF  |t 0 
952 f f |a Texas A&M University  |b Rellis Campus  |c Joint Library Facility  |d Remote Storage  |e PE1408 .W773 1977  |h Library of Congress classification  |i unmediated -- volume  |k Level 12  |l Teachers Manual  |m A14800238210  |p ric  |s JLF  |t 0 
952 f f |a Texas A&M University  |b Rellis Campus  |c Joint Library Facility  |d Remote Storage  |e PE1408 .W773 1977  |h Library of Congress classification  |i unmediated -- volume  |k Level 10  |l Teachers Manual  |m A14825879332  |p ric  |s JLF  |t 0 
952 f f |a Texas A&M University  |b Rellis Campus  |c Joint Library Facility  |d Remote Storage  |e PE1408 .W773 1977  |h Library of Congress classification  |i unmediated -- volume  |k Level 11  |l Teachers Manual  |m A14800238244  |p ric  |s JLF  |t 0 
998 f f |a PE1408 .W773 1977  |s level 12 Teachers Manual  |t 0  |l Remote Storage